000 01535nac a22003611i 4500
003 EG-ScBUE
005 20250525120318.0
008 090125s2006 e a f b 001 0 eng d
020 _a0198508026
020 _a9780198508021
035 _a(OCoLC)ocm61761659
040 _aEG-ScBUE
_beng
_erda
_cEG-ScBUE
_dEG-ScBUE
041 1 _aeng
_hita
082 0 4 _a531.01515
_bFAS
_222
100 1 _aFasano, A.
_q(Antonio),
_eauthor.
245 1 0 _aAnalytical mechanics :
_ban introduction /
_cAntonio Fasano, University of Florence, Stefano Marmi, SNS, Pisa ; translated by Beatrice Pelloni, University of Reading.
264 1 _aOxford :
_bOxford University Press,
_c2006.
300 _axiii, 772 pages :
_billustrations ;
_c25 cm
336 _2rdacontent
_atext
_btxt
337 _aunmediated
_2rdamedia
_bn
338 _avolume
_bnc
_2rdacarrier
500 _aSeries statement from jacket.
504 _aIncludes bibliographical references and index.
546 _aText in English ; translated from the original Italian language.
650 7 _aMechanics, Analytic.
_2BUEsh
655 _vReading book
700 1 _aMarmi, S.
_q(Stefano),
_d1963-
_eauthor.
700 1 _aPelloni, Beatrice,
_etranslator.
856 4 1 _3Table of contents only
_uhttp://www.loc.gov/catdir/toc/ecip061/2005028822.html
856 4 1 _3Publisher description
_uhttp://www.loc.gov/catdir/enhancements/fy0637/2005028822-d.html
856 4 1 _3Contributor biographical information
_uhttp://www.loc.gov/catdir/enhancements/fy0724/2005028822-b.html
942 _cBB
_2ddc
999 _c7312
_d7312